[Event "DEM U8 2025"]
[Site "Willingen GER"]
[Date "2025.06.13"]
[Round "6"]
[White "Prasad, Ayush"]
[Black "Siegel, Vitus"]
[Result "0-1"]
[Termination "normal"]
[Board "6"]
[WhiteElo "1067"]
[BlackElo "1169"]
[WhiteClock "00:41:21"]
[BlackClock "00:40:29"]
[PlyCount "102"]
[BlackFideId "34694102"]
[EventCountry "GER"]
[EventRounds "7"]
[EventType "swiss"]
[EventDate "2025.06.10"]

1. e4 {[%clk 01:00:28]} {[%emt 00:00:01]} e5 {[%clk 01:00:19]} {[%emt
00:00:10]} 2. Nf3 {[%clk 01:00:40]} {[%emt 00:00:05]} Nc6 {[%clk 01:00:22]}
{[%emt 00:00:11]} 3. Bc4 {[%clk 01:00:49]} {[%emt 00:00:05]} Bc5 {[%clk
01:00:25]} {[%emt 00:00:13]} 4. c3 {[%clk 01:01:00]} {[%emt 00:00:04]} Nf6
{[%clk 01:00:24]} {[%emt 00:00:16]} 5. d4 {[%clk 01:01:05]} {[%emt 00:00:11]}
exd4 {[%clk 01:00:27]} {[%emt 00:00:12]} 6. e5 {[%clk 01:01:11]} {[%emt
00:00:08]} d5 {[%clk 01:00:34]} {[%emt 00:00:08]} 7. Bb5 {[%clk 01:01:15]}
{[%emt 00:00:12]} Ne4 {[%clk 01:00:15]} {[%emt 00:00:33]} 8. cxd4 {[%clk
01:01:20]} {[%emt 00:00:10]} Bb6 {[%clk 00:59:50]} {[%emt 00:00:41]} 9. Nc3
{[%clk 01:01:05]} {[%emt 00:00:30]} Nxc3 {[%clk 00:59:52]} {[%emt 00:00:10]}
10. bxc3 {[%clk 01:01:17]} {[%emt 00:00:06]} Bd7 {[%clk 00:59:27]} {[%emt
00:00:38]} 11. Be3 {[%clk 01:00:49]} {[%emt 00:00:42]} Nxe5 {[%clk 00:58:56]}
{[%emt 00:00:46]} 12. Nxe5 {[%clk 00:59:42]} {[%emt 00:01:24]} Bxb5 {[%clk
00:58:34]} {[%emt 00:00:37]} 13. Qf3 {[%clk 00:59:16]} {[%emt 00:00:40]} O-O
{[%clk 00:56:50]} {[%emt 00:01:59]} 14. Qg3 {[%clk 00:58:10]} {[%emt 00:01:19]}
Re8 {[%clk 00:55:43]} {[%emt 00:01:24]} 15. Rb1 {[%clk 00:57:22]} {[%emt
00:01:04]} Ba6 {[%clk 00:54:22]} {[%emt 00:01:34]} 16. Qf3 {[%clk 00:51:38]}
{[%emt 00:05:41]} f6 {[%clk 00:53:25]} {[%emt 00:01:30]} 17. Ng4 {[%clk
00:51:09]} {[%emt 00:00:45]} h5 {[%clk 00:50:31]} {[%emt 00:03:09]} 18. Nxf6+
{[%clk 00:51:01]} {[%emt 00:00:23]} Qxf6 {[%clk 00:50:28]} {[%emt 00:00:18]}
19. Qxh5 {[%clk 00:49:48]} {[%emt 00:01:25]} c6 {[%clk 00:45:12]} {[%emt
00:05:35]} 20. Qg4 {[%clk 00:46:00]} {[%emt 00:04:02]} Re4 {[%clk 00:44:58]}
{[%emt 00:00:30]} 21. Qg3 {[%clk 00:45:39]} {[%emt 00:00:28]} Qf5 {[%clk
00:44:22]} {[%emt 00:00:59]} 22. Rc1 {[%clk 00:44:52]} {[%emt 00:01:01]} Qg4
{[%clk 00:43:24]} {[%emt 00:01:13]} 23. Qxg4 {[%clk 00:43:39]} {[%emt
00:01:29]} Rxg4 {[%clk 00:42:37]} {[%emt 00:01:01]} 24. g3 {[%clk 00:43:37]}
{[%emt 00:00:17]} Re4 {[%clk 00:42:37]} {[%emt 00:00:13]} 25. h4 {[%clk
00:43:33]} {[%emt 00:00:21]} Rae8 {[%clk 00:42:26]} {[%emt 00:00:26]} 26. Kd2
{[%clk 00:42:54]} {[%emt 00:00:54]} Bb5 {[%clk 00:41:44]} {[%emt 00:00:57]} 27.
Rce1 {[%clk 00:42:20]} {[%emt 00:00:49]} Bc4 {[%clk 00:41:20]} {[%emt
00:00:39]} 28. a3 {[%clk 00:42:04]} {[%emt 00:00:31]} Bc7 {[%clk 00:40:46]}
{[%emt 00:00:48]} 29. Rhg1 {[%clk 00:41:45]} {[%emt 00:00:36]} Bd6 {[%clk
00:40:25]} {[%emt 00:00:35]} 30. f3 {[%clk 00:41:46]} {[%emt 00:00:14]} R4e6
{[%clk 00:40:30]} {[%emt 00:00:10]} 31. g4 {[%clk 00:41:22]} {[%emt 00:00:39]}
Rxe3 {[%clk 00:39:54]} {[%emt 00:00:51]} 32. Rxe3 {[%clk 00:41:18]} {[%emt
00:00:20]} Bf4 {[%clk 00:40:00]} {[%emt 00:00:08]} 33. Rge1 {[%clk 00:41:24]}
{[%emt 00:00:09]} Bxe3+ {[%clk 00:40:07]} {[%emt 00:00:08]} 34. Rxe3 {[%clk
00:41:35]} {[%emt 00:00:05]} Rxe3 {[%clk 00:40:10]} {[%emt 00:00:12]} 35. Kxe3
{[%clk 00:41:45]} {[%emt 00:00:05]} Kf7 {[%clk 00:39:43]} {[%emt 00:00:42]} 36.
Kf4 {[%clk 00:41:55]} {[%emt 00:00:05]} Bd3 {[%clk 00:39:47]} {[%emt 00:00:11]}
37. g5 {[%clk 00:41:52]} {[%emt 00:00:18]} b6 {[%clk 00:39:49]} {[%emt
00:00:12]} 38. h5 {[%clk 00:42:02]} {[%emt 00:00:05]} a5 {[%clk 00:39:20]}
{[%emt 00:00:44]} 39. g6+ {[%clk 00:42:06]} {[%emt 00:00:11]} Kf6 {[%clk
00:39:24]} {[%emt 00:00:11]} 40. Kg4 {[%clk 00:40:41]} {[%emt 00:01:40]} Bc2
{[%clk 00:39:16]} {[%emt 00:00:23]} 41. f4 {[%clk 00:40:39]} {[%emt 00:00:17]}
Be4 {[%clk 00:39:13]} {[%emt 00:00:18]} 42. a4 {[%clk 00:40:11]} {[%emt
00:00:44]} b5 {[%clk 00:39:23]} {[%emt 00:00:05]} 43. axb5 {[%clk 00:40:18]}
{[%emt 00:00:07]} cxb5 {[%clk 00:39:28]} {[%emt 00:00:11]} 44. Kg3 {[%clk
00:40:22]} {[%emt 00:00:11]} a4 {[%clk 00:39:32]} {[%emt 00:00:11]} 45. Kf2
{[%clk 00:40:34]} {[%emt 00:00:02]} a3 {[%clk 00:39:40]} {[%emt 00:00:08]} 46.
Ke2 {[%clk 00:40:45]} {[%emt 00:00:03]} a2 {[%clk 00:39:51]} {[%emt 00:00:05]}
47. Kd2 {[%clk 00:40:51]} {[%emt 00:00:09]} a1=Q {[%clk 00:39:57]} {[%emt
00:00:09]} 48. Ke2 {[%clk 00:40:56]} {[%emt 00:00:09]} Qb2+ {[%clk 00:40:03]}
{[%emt 00:00:09]} 49. Kf1 {[%clk 00:41:01]} {[%emt 00:00:10]} Bf3 {[%clk
00:40:10]} {[%emt 00:00:08]} 50. c4 {[%clk 00:41:11]} {[%emt 00:00:05]} Qe2+
{[%clk 00:40:20]} {[%emt 00:00:06]} 51. Kg1 {[%clk 00:41:21]} {[%emt 00:00:05]}
Qg2# {[%clk 00:40:29]} {[%emt 00:00:05]} 0-1

[Event "DEM U8 2025"]
[Site "Willingen GER"]
[Date "2025.06.13"]
[Round "6"]
[White "Gur, Jascha"]
[Black "Derr, Georg"]
[Result "0-1"]
[Termination "normal"]
[Board "7"]
[WhiteElo "1086"]
[BlackElo "1586"]
[WhiteClock "00:50:28"]
[BlackClock "00:29:59"]
[PlyCount "70"]
[BlackFideId "533010501"]
[EventCountry "GER"]
[EventRounds "7"]
[EventType "swiss"]
[EventDate "2025.06.10"]

1. e4 {[%clk 01:00:29]} c6 {[%clk 00:59:30]} {[%emt 00:01:01]} 2. Nf3 {[%clk
01:00:32]} {[%emt 00:00:12]} d5 {[%clk 00:57:59]} {[%emt 00:01:45]} 3. Nc3
{[%clk 01:00:41]} {[%emt 00:00:07]} Bg4 {[%clk 00:56:48]} {[%emt 00:01:24]} 4.
exd5 {[%clk 01:00:10]} {[%emt 00:00:47]} cxd5 {[%clk 00:56:03]} {[%emt
00:01:00]} 5. d4 {[%clk 00:59:46]} {[%emt 00:00:35]} e6 {[%clk 00:55:33]}
{[%emt 00:00:48]} 6. h3 {[%clk 00:59:43]} {[%emt 00:00:19]} Bxf3 {[%clk
00:54:26]} {[%emt 00:01:23]} 7. Qxf3 {[%clk 00:59:44]} {[%emt 00:00:13]} Nf6
{[%clk 00:54:01]} {[%emt 00:00:39]} 8. Bf4 {[%clk 00:59:33]} {[%emt 00:00:25]}
Nc6 {[%clk 00:53:48]} {[%emt 00:00:30]} 9. O-O-O {[%clk 00:59:06]} {[%emt
00:00:42]} Qb6 {[%clk 00:52:24]} {[%emt 00:01:34]} 10. Bb5 {[%clk 00:58:34]}
{[%emt 00:00:47]} a6 {[%clk 00:51:37]} {[%emt 00:01:08]} 11. Ba4 {[%clk
00:58:31]} {[%emt 00:00:16]} Bb4 {[%clk 00:50:37]} {[%emt 00:01:11]} 12. a3
{[%clk 00:57:46]} {[%emt 00:01:06]} Bxc3 {[%clk 00:49:29]} {[%emt 00:01:23]}
13. Qxc3 {[%clk 00:57:26]} {[%emt 00:00:30]} Ne4 {[%clk 00:49:25]} {[%emt
00:00:20]} 14. Qe3 {[%clk 00:57:17]} {[%emt 00:00:25]} Qa5 {[%clk 00:47:40]}
{[%emt 00:02:00]} 15. Bb3 {[%clk 00:57:12]} {[%emt 00:00:22]} b5 {[%clk
00:46:32]} {[%emt 00:01:22]} 16. f3 {[%clk 00:57:00]} {[%emt 00:00:27]} Nf6
{[%clk 00:46:19]} {[%emt 00:00:28]} 17. Rhe1 {[%clk 00:56:36]} {[%emt
00:00:40]} Qd8 {[%clk 00:42:49]} {[%emt 00:03:39]} 18. Bg5 {[%clk 00:56:11]}
{[%emt 00:00:45]} Na5 {[%clk 00:36:51]} {[%emt 00:06:52]} 19. Ba2 {[%clk
00:56:13]} {[%emt 00:00:18]} Nc4 {[%clk 00:36:30]} {[%emt 00:00:33]} 20. Qd3
{[%clk 00:55:07]} {[%emt 00:01:20]} h6 {[%clk 00:36:17]} {[%emt 00:00:31]} 21.
Bh4 {[%clk 00:55:06]} {[%emt 00:00:16]} Qd6 {[%clk 00:34:34]} {[%emt 00:01:57]}
22. a4 {[%clk 00:53:15]} {[%emt 00:02:01]} Qf4+ {[%clk 00:33:51]} {[%emt
00:00:58]} 23. Kb1 {[%clk 00:52:52]} {[%emt 00:00:44]} Qxh4 {[%clk 00:33:42]}
{[%emt 00:00:23]} 24. b3 {[%clk 00:52:54]} {[%emt 00:00:15]} Nd6 {[%clk
00:33:25]} {[%emt 00:00:30]} 25. axb5 {[%clk 00:51:58]} {[%emt 00:01:11]} axb5
{[%clk 00:33:08]} {[%emt 00:00:32]} 26. Qc3 {[%clk 00:51:49]} {[%emt 00:00:24]}
O-O {[%clk 00:32:28]} {[%emt 00:00:55]} 27. Rh1 {[%clk 00:51:19]} {[%emt
00:00:39]} Rfc8 {[%clk 00:32:02]} {[%emt 00:00:45]} 28. Qd3 {[%clk 00:51:22]}
{[%emt 00:00:11]} Qg5 {[%clk 00:31:44]} {[%emt 00:00:35]} 29. Rdg1 {[%clk
00:51:23]} {[%emt 00:00:15]} Qg6 {[%clk 00:31:42]} {[%emt 00:00:16]} 30. Qd2
{[%clk 00:50:50]} {[%emt 00:00:51]} Ra7 {[%clk 00:31:38]} {[%emt 00:00:18]} 31.
Kb2 {[%clk 00:50:24]} {[%emt 00:00:42]} Rxc2+ {[%clk 00:30:00]} {[%emt
00:01:52]} 32. Qxc2 {[%clk 00:50:10]} {[%emt 00:00:28]} Rxa2+ {[%clk 00:30:09]}
{[%emt 00:00:06]} 33. Kxa2 {[%clk 00:50:09]} {[%emt 00:00:18]} Qxc2+ {[%clk
00:30:09]} {[%emt 00:00:14]} 34. Ka3 {[%clk 00:50:21]} {[%emt 00:00:04]} Qc3
{[%clk 00:29:57]} {[%emt 00:00:20]} 35. Rd1 {[%clk 00:50:28]} {[%emt 00:00:14]}
Nc4+ {[%clk 00:29:59]} {[%emt 00:00:12]} 0-1

[Event "DEM U8 2025"]
[Site "Willingen GER"]
[Date "2025.06.13"]
[Round "6"]
[White "Zhu, Elias"]
[Black "Richter, Felix"]
[Result "0-1"]
[Termination "normal"]
[Board "8"]
[WhiteElo "1311"]
[BlackElo "1201"]
[WhiteClock "00:12:38"]
[BlackClock "00:49:54"]
[PlyCount "120"]
[WhiteFideId "34695311"]
[BlackFideId "533043663"]
[EventCountry "GER"]
[EventRounds "7"]
[EventType "swiss"]
[EventDate "2025.06.10"]

1. e4 {[%clk 01:00:28]} {[%emt 00:00:02]} e5 {[%clk 01:00:27]} {[%emt
00:00:03]} 2. Nf3 {[%clk 01:00:39]} {[%emt 00:00:04]} Nc6 {[%clk 01:00:38]}
{[%emt 00:00:04]} 3. d4 {[%clk 01:00:51]} {[%emt 00:00:03]} exd4 {[%clk
01:00:50]} {[%emt 00:00:03]} 4. Bc4 {[%clk 01:01:03]} {[%emt 00:00:03]} Nf6
{[%clk 01:00:53]} {[%emt 00:00:12]} 5. O-O {[%clk 01:01:12]} {[%emt 00:00:06]}
Nxe4 {[%clk 01:01:00]} {[%emt 00:00:08]} 6. Re1 {[%clk 01:01:24]} {[%emt
00:00:03]} d5 {[%clk 01:01:07]} {[%emt 00:00:08]} 7. Bxd5 {[%clk 01:01:34]}
{[%emt 00:00:04]} Qxd5 {[%clk 01:01:15]} {[%emt 00:00:07]} 8. Nc3 {[%clk
01:01:42]} {[%emt 00:00:08]} Qd7 {[%clk 01:01:23]} {[%emt 00:00:06]} 9. Nxe4
{[%clk 01:01:51]} {[%emt 00:00:06]} Be7 {[%clk 01:01:24]} {[%emt 00:00:14]} 10.
Bf4 {[%clk 00:59:38]} {[%emt 00:02:29]} O-O {[%clk 01:01:03]} {[%emt 00:00:36]}
11. a3 {[%clk 00:53:00]} {[%emt 00:06:54]} a5 {[%clk 01:00:39]} {[%emt
00:00:38]} 12. Qd3 {[%clk 00:50:48]} {[%emt 00:02:26]} Qd8 {[%clk 01:00:17]}
{[%emt 00:00:38]} 13. Neg5 {[%clk 00:48:45]} {[%emt 00:02:16]} Bxg5 {[%clk
00:59:35]} {[%emt 00:00:58]} 14. Nxg5 {[%clk 00:47:51]} {[%emt 00:01:08]} g6
{[%clk 00:58:47]} {[%emt 00:01:04]} 15. Qg3 {[%clk 00:46:49]} {[%emt 00:01:07]}
Qf6 {[%clk 00:57:35]} {[%emt 00:01:36]} 16. Ne4 {[%clk 00:40:11]} {[%emt
00:06:53]} Qg7 {[%clk 00:57:19]} {[%emt 00:00:29]} 17. Qh4 {[%clk 00:39:35]}
{[%emt 00:00:44]} h5 {[%clk 00:56:06]} {[%emt 00:01:38]} 18. Nf6+ {[%clk
00:38:44]} {[%emt 00:01:03]} Kh8 {[%clk 00:55:57]} {[%emt 00:00:27]} 19. Bg5
{[%clk 00:36:32]} {[%emt 00:02:27]} Bf5 {[%clk 00:53:21]} {[%emt 00:02:36]} 20.
Nd7 {[%clk 00:36:11]} {[%emt 00:01:07]} Qg8 {[%clk 00:52:03]} {[%emt 00:01:47]}
21. Nxf8 {[%clk 00:35:56]} {[%emt 00:00:31]} Rxf8 {[%clk 00:52:02]} {[%emt
00:00:16]} 22. h3 {[%clk 00:34:11]} {[%emt 00:02:00]} Qh7 {[%clk 00:51:49]}
{[%emt 00:00:27]} 23. Bf6+ {[%clk 00:30:20]} {[%emt 00:04:06]} Kg8 {[%clk
00:52:00]} {[%emt 00:00:05]} 24. Qg5 {[%clk 00:29:12]} {[%emt 00:01:22]} Bxc2
{[%clk 00:51:47]} {[%emt 00:00:28]} 25. Qc5 {[%clk 00:28:32]} {[%emt 00:00:56]}
Bf5 {[%clk 00:51:39]} {[%emt 00:00:21]} 26. Bxd4 {[%clk 00:27:47]} {[%emt
00:01:01]} Nxd4 {[%emt 00:00:12]} 27. Qxd4 {[%clk 00:27:51]} {[%emt 00:00:10]}
Qg7 {[%clk 00:51:16]} {[%emt 00:00:42]} 28. Qxg7+ {[%clk 00:27:50]} {[%emt
00:00:17]} Kxg7 {[%clk 00:51:19]} {[%emt 00:00:12]} 29. Re7 {[%clk 00:27:35]}
{[%emt 00:00:29]} Rc8 {[%clk 00:51:17]} {[%emt 00:00:16]} 30. Rc1 {[%clk
00:27:39]} {[%emt 00:00:10]} Rd8 {[%clk 00:51:09]} {[%emt 00:00:25]} 31. Rexc7
{[%clk 00:27:31]} {[%emt 00:00:23]} Be4 {[%clk 00:50:42]} {[%emt 00:00:42]} 32.
Re7 {[%clk 00:25:55]} {[%emt 00:01:47]} Bc6 {[%clk 00:50:44]} {[%emt 00:00:17]}
33. Re5 {[%clk 00:25:38]} {[%emt 00:00:32]} a4 {[%clk 00:50:47]} {[%emt
00:00:14]} 34. Re2 {[%clk 00:24:55]} {[%emt 00:00:45]} Rd5 {[%clk 00:50:52]}
{[%emt 00:00:21]} 35. Ree1 {[%clk 00:24:33]} {[%emt 00:00:30]} Rg5 {[%clk
00:50:58]} {[%emt 00:00:18]} 36. g3 {[%clk 00:24:32]} {[%emt 00:00:15]} h4
{[%clk 00:50:58]} {[%emt 00:00:15]} 37. Kh2 {[%clk 00:24:23]} {[%emt 00:00:22]}
Kh6 {[%clk 00:50:30]} {[%emt 00:00:42]} 38. gxh4 {[%clk 00:24:31]} {[%emt
00:00:10]} Rg2+ {[%clk 00:50:20]} {[%emt 00:00:24]} 39. Kh1 {[%clk 00:24:33]}
{[%emt 00:00:12]} Rxf2+ {[%clk 00:50:27]} {[%emt 00:00:08]} 40. Kg1 {[%clk
00:24:31]} {[%emt 00:00:15]} Rg2+ {[%clk 00:50:27]} {[%emt 00:00:18]} 41. Kf1
{[%clk 00:24:16]} {[%emt 00:00:23]} Rxb2 {[%clk 00:50:34]} {[%emt 00:00:16]}
42. Rb1 {[%clk 00:24:13]} {[%emt 00:00:11]} Rh2 {[%clk 00:50:38]} {[%emt
00:00:18]} 43. Rb4 {[%clk 00:20:48]} {[%emt 00:03:25]} Rxh3 {[%clk 00:50:20]}
{[%emt 00:00:48]} 44. Re7 {[%clk 00:19:12]} {[%emt 00:01:48]} Rh1+ {[%clk
00:50:12]} {[%emt 00:00:26]} 45. Kf2 {[%clk 00:18:02]} {[%emt 00:01:14]} Rh2+
{[%clk 00:50:24]} {[%emt 00:00:13]} 46. Kg3 {[%clk 00:17:59]} {[%emt 00:00:15]}
Ra2 {[%clk 00:50:29]} {[%emt 00:00:14]} 47. Rxf7 {[%clk 00:16:47]} {[%emt
00:01:27]} Rxa3+ {[%clk 00:50:29]} {[%emt 00:00:15]} 48. Kf2 {[%clk 00:16:32]}
{[%emt 00:00:23]} Bd5 {[%clk 00:50:09]} {[%emt 00:00:41]} 49. Rd7 {[%clk
00:16:22]} {[%emt 00:00:24]} Bc6 {[%clk 00:50:11]} {[%emt 00:00:15]} 50. Rdd4
{[%clk 00:16:08]} {[%emt 00:00:26]} Ra2+ {[%clk 00:50:13]} {[%emt 00:00:16]}
51. Ke3 {[%clk 00:16:09]} {[%emt 00:00:11]} a3 {[%clk 00:50:20]} {[%emt
00:00:12]} 52. Rb3 {[%clk 00:15:04]} {[%emt 00:01:09]} Ra1 {[%clk 00:50:26]}
{[%emt 00:00:18]} 53. Kd2 {[%clk 00:13:56]} {[%emt 00:01:23]} a2 {[%clk
00:50:19]} {[%emt 00:00:22]} 54. Ra3 {[%clk 00:13:57]} {[%emt 00:00:11]} Rh1
{[%clk 00:50:27]} {[%emt 00:00:10]} 55. Rg4 {[%clk 00:13:12]} {[%emt 00:00:48]}
a1=Q {[%clk 00:50:31]} {[%emt 00:00:24]} 56. Rag3 {[%clk 00:12:59]} {[%emt
00:00:26]} Rd1+ {[%clk 00:50:24]} {[%emt 00:00:23]} 57. Ke2 {[%clk 00:12:47]}
{[%emt 00:00:23]} Bb5+ {[%clk 00:49:47]} {[%emt 00:00:57]} 58. Kf2 {[%clk
00:12:29]} {[%emt 00:00:31]} Qb2+ {[%clk 00:49:49]} {[%emt 00:00:15]} 59. Ke3
{[%clk 00:12:34]} {[%emt 00:00:10]} Rd3+ {[%clk 00:49:52]} {[%emt 00:00:11]}
60. Ke4 {[%clk 00:12:38]} {[%emt 00:00:11]} Qd4# {[%clk 00:49:54]} {[%emt
00:00:13]} 0-1

[Event "DEM U8 2025"]
[Site "Willingen GER"]
[Date "2025.06.13"]
[Round "6"]
[White "Öngün, Magnus"]
[Black "Fabritius, Sylvester"]
[Result "1-0"]
[Termination "normal"]
[Board "9"]
[WhiteElo "1165"]
[BlackElo "1147"]
[WhiteClock "00:48:41"]
[BlackClock "00:39:54"]
[PlyCount "107"]
[WhiteFideId "533004978"]
[BlackFideId "533026246"]
[EventCountry "GER"]
[EventRounds "7"]
[EventType "swiss"]
[EventDate "2025.06.10"]

1. d4 {[%clk 01:00:09]} {[%emt 00:00:20]} d5 {[%clk 01:00:22]} {[%emt
00:00:08]} 2. Nf3 {[%clk 01:00:10]} {[%emt 00:00:15]} Nf6 {[%clk 01:00:21]}
{[%emt 00:00:16]} 3. e3 {[%clk 01:00:09]} {[%emt 00:00:15]} e6 {[%clk
01:00:16]} {[%emt 00:00:20]} 4. Bd3 {[%clk 00:59:45]} {[%emt 00:00:39]} c5
{[%clk 01:00:16]} {[%emt 00:00:15]} 5. b3 {[%clk 00:59:32]} {[%emt 00:00:29]}
Nc6 {[%clk 01:00:13]} {[%emt 00:00:17]} 6. Bb2 {[%clk 00:59:33]} {[%emt
00:00:15]} Bd6 {[%clk 00:59:48]} {[%emt 00:00:39]} 7. O-O {[%clk 00:59:26]}
{[%emt 00:00:23]} O-O {[%clk 00:59:41]} {[%emt 00:00:21]} 8. Nbd2 {[%clk
00:59:16]} {[%emt 00:00:25]} Bd7 {[%clk 00:59:50]} {[%emt 00:00:08]} 9. Ne5
{[%clk 00:59:08]} {[%emt 00:00:22]} Qc7 {[%clk 00:59:47]} {[%emt 00:00:17]} 10.
f4 {[%clk 00:59:14]} {[%emt 00:00:08]} Nb4 {[%clk 00:58:43]} {[%emt 00:01:09]}
11. Be2 {[%clk 00:59:09]} {[%emt 00:00:32]} Nc6 {[%clk 00:58:20]} {[%emt
00:00:33]} 12. a3 {[%clk 00:59:01]} {[%emt 00:00:28]} cxd4 {[%clk 00:57:24]}
{[%emt 00:01:11]} 13. exd4 {[%clk 00:57:23]} {[%emt 00:01:53]} a5 {[%clk
00:56:51]} {[%emt 00:00:43]} 14. c4 {[%clk 00:57:13]} {[%emt 00:00:30]} dxc4
{[%clk 00:56:34]} {[%emt 00:00:32]} 15. Ndxc4 {[%clk 00:57:10]} {[%emt
00:00:18]} a4 {[%clk 00:55:38]} {[%emt 00:01:08]} 16. b4 {[%clk 00:56:59]}
{[%emt 00:00:30]} Nd5 {[%clk 00:55:04]} {[%emt 00:00:42]} 17. Bd3 {[%clk
00:55:29]} {[%emt 00:01:50]} Bxe5 {[%clk 00:54:27]} {[%emt 00:00:51]} 18. fxe5
{[%clk 00:55:11]} {[%emt 00:00:34]} b5 {[%clk 00:53:54]} {[%emt 00:00:48]} 19.
Nd6 {[%clk 00:55:04]} {[%emt 00:00:23]} Ne3 {[%clk 00:53:15]} {[%emt 00:00:51]}
20. Bxh7+ {[%clk 00:54:07]} {[%emt 00:01:15]} Kxh7 {[%clk 00:52:38]} {[%emt
00:00:49]} 21. Qh5+ {[%clk 00:53:47]} {[%emt 00:00:37]} Kg8 {[%clk 00:52:36]}
{[%emt 00:00:17]} 22. Rf3 {[%clk 00:53:37]} {[%emt 00:00:25]} Nf5 {[%clk
00:52:05]} {[%emt 00:00:46]} 23. Nxf5 {[%clk 00:53:36]} {[%emt 00:00:16]} exf5
{[%clk 00:52:08]} {[%emt 00:00:13]} 24. Rh3 {[%clk 00:53:40]} {[%emt 00:00:10]}
f6 {[%clk 00:51:48]} {[%emt 00:00:34]} 25. Qh7+ {[%clk 00:53:04]} {[%emt
00:00:52]} Kf7 {[%clk 00:51:47]} {[%emt 00:00:17]} 26. exf6 {[%clk 00:52:54]}
{[%emt 00:00:25]} Rg8 {[%clk 00:50:29]} {[%emt 00:01:29]} 27. Qh5+ {[%clk
00:52:21]} {[%emt 00:00:52]} Kxf6 {[%clk 00:44:23]} {[%emt 00:06:21]} 28. d5+
{[%clk 00:52:01]} {[%emt 00:00:36]} Ke7 {[%clk 00:43:55]} {[%emt 00:00:37]} 29.
dxc6 {[%clk 00:51:27]} {[%emt 00:00:53]} Qxc6 {[%clk 00:43:21]} {[%emt
00:00:50]} 30. Re1+ {[%clk 00:50:19]} {[%emt 00:01:21]} Be6 {[%clk 00:42:31]}
{[%emt 00:01:03]} 31. Rhe3 {[%clk 00:49:12]} {[%emt 00:01:25]} Ra6 {[%clk
00:41:48]} {[%emt 00:00:54]} 32. Rxe6+ {[%clk 00:49:00]} {[%emt 00:00:31]} Qxe6
{[%clk 00:40:54]} {[%emt 00:01:09]} 33. Rxe6+ {[%clk 00:49:05]} {[%emt
00:00:10]} Rxe6 {[%clk 00:40:41]} {[%emt 00:00:28]} 34. Qxf5 {[%clk 00:49:04]}
{[%emt 00:00:16]} Re1+ {[%clk 00:40:40]} {[%emt 00:00:16]} 35. Kf2 {[%clk
00:48:56]} {[%emt 00:00:24]} Rf8 {[%clk 00:40:08]} {[%emt 00:00:47]} 36. Qxf8+
{[%clk 00:49:03]} {[%emt 00:00:08]} Kxf8 {[%clk 00:40:08]} {[%emt 00:00:07]}
37. Kxe1 {[%clk 00:48:57]} {[%emt 00:00:29]} g6 {[%clk 00:40:07]} {[%emt
00:00:15]} 38. Kd2 {[%clk 00:49:07]} {[%emt 00:00:05]} Ke7 {[%clk 00:40:07]}
{[%emt 00:00:15]} 39. Kd3 {[%clk 00:49:07]} {[%emt 00:00:15]} Kd6 {[%clk
00:40:06]} {[%emt 00:00:17]} 40. Kd4 {[%clk 00:48:52]} {[%emt 00:00:29]} g5
{[%clk 00:40:08]} {[%emt 00:00:13]} 41. g4 {[%clk 00:48:56]} {[%emt 00:00:12]}
Kc6 {[%clk 00:39:55]} {[%emt 00:00:27]} 42. Ke5 {[%clk 00:48:59]} {[%emt
00:00:12]} Kb6 {[%emt 00:00:25]} 43. Kd5 {[%emt 00:00:11]} Ka6 {[%clk
00:39:17]} {[%emt 00:00:16]} 44. Kc6 {[%clk 00:49:07]} {[%emt 00:00:08]} Ka7
{[%clk 00:39:18]} {[%emt 00:00:15]} 45. Kxb5 {[%clk 00:49:19]} {[%emt
00:00:02]} Ka8 {[%clk 00:39:18]} {[%emt 00:00:15]} 46. Ka6 {[%clk 00:49:15]}
{[%emt 00:00:20]} Kb8 {[%clk 00:39:17]} {[%emt 00:00:15]} 47. b5 {[%clk
00:49:17]} {[%emt 00:00:14]} Ka8 {[%clk 00:39:23]} {[%emt 00:00:08]} 48. b6
{[%clk 00:49:20]} {[%emt 00:00:13]} Kb8 {[%clk 00:39:32]} {[%emt 00:00:06]} 49.
b7 {[%clk 00:49:23]} {[%emt 00:00:12]} Kc7 {[%clk 00:39:39]} {[%emt 00:00:09]}
50. Ka7 {[%clk 00:49:35]} {[%emt 00:00:02]} Kd6 {[%clk 00:39:48]} {[%emt
00:00:05]} 51. b8=Q+ {[%emt 00:00:18]} Kd5 {[%emt 00:00:20]} 52. Qe5+ {[%clk
00:48:57]} {[%emt 00:00:14]} Kc4 {[%clk 00:39:52]} {[%emt 00:00:12]} 53. Qd4+
{[%clk 00:48:43]} {[%emt 00:00:30]} Kb5 {[%clk 00:39:54]} {[%emt 00:00:12]} 54.
Qd5# {[%clk 00:48:41]} {[%emt 00:00:17]} 1-0